<?xml version="1.0" encoding="UTF-8"?>
<collection xmlns="http://www.loc.gov/MARC21/slim">
 <record>
  <leader>02065pamaa2200205   4500</leader>
  <controlfield tag="001">0000050636</controlfield>
  <controlfield tag="005">20130117090000.0</controlfield>
  <controlfield tag="008">120914s2011                            eng  </controlfield>
  <datafield tag="020" ind1="0" ind2="0">
   <subfield code="a">9780071742498 / 0071742492 </subfield>
  </datafield>
  <datafield tag="090" ind1="0" ind2="0">
   <subfield code="a">TS156.8 </subfield>
   <subfield code="b">KEL 2011</subfield>
  </datafield>
  <datafield tag="100" ind1="1" ind2="0">
   <subfield code="a">Keller </subfield>
  </datafield>
  <datafield tag="245" ind1="1" ind2="0">
   <subfield code="a">Statistical process control demystified  </subfield>
   <subfield code="c">Paul Keller.</subfield>
  </datafield>
  <datafield tag="260" ind1="0" ind2="0">
   <subfield code="a">New York: </subfield>
   <subfield code="b">McGraw-Hill, </subfield>
   <subfield code="c">2011.</subfield>
  </datafield>
  <datafield tag="300" ind1=" " ind2=" ">
   <subfield code="a">xiv, 302 p.: </subfield>
   <subfield code="b">ill.; </subfield>
   <subfield code="c">24 cm.</subfield>
  </datafield>
  <datafield tag="440" ind1="0" ind2="0">
   <subfield code="a">Demystified series</subfield>
  </datafield>
  <datafield tag="501" ind1="0" ind2="0">
   <subfield code="a">FHLS</subfield>
  </datafield>
  <datafield tag="504" ind1="0" ind2="0">
   <subfield code="a">Includes bibliographical references (p. 289-290) and index</subfield>
  </datafield>
  <datafield tag="505" ind1="0" ind2="0">
   <subfield code="a">Analyzing process data : The application of statistics to processes ; A process defined ; Population versus process statistics ; Statistical process control Concepts ; Requirements versus control ; Control chart interpretation ; Reaction to special cause variation ; Interpretation relative to requirements -- 2. Data collection : Data properties ; Metrics ; Chart selection ; Sampling requirements -- 3. Determining suitability to requirements : Overview ; Capability indices assuming normality of process data ; Interpretation ; Estimating process variation ; Errors in estimating process capability ; Identifying non-normality in process data ; Capability estimates for non-normal processes -- Process performance indices -- 4. Attribute control charts : Description and use ; Interpretation ; Sampling considerations -- 5. X charts : Chart construction ; Interpretation -- 6. Charts for individuals data : Description and use -- 7. Process improvement : Overview ; Stratification ; Regression analysis ; Residuals analysis ; Multiple regression ; Designed experiments -- 8. Measurement systems analysis : Overview ; Stability ; Linearity ; Repeatability &amp; reproducibility (R&amp;R) -- 9. Questions and examples from practitioners : Lean six sigma/quality management concerns ; Sampling considerations ; Attribute chart examples ; Histograms and process capability ; Variable chart examples -- Appendix: Control chart constant</subfield>
  </datafield>
  <datafield tag="650" ind1="0" ind2="0">
   <subfield code="a">Process control -- </subfield>
   <subfield code="x">Statistical methods </subfield>
  </datafield>
  <datafield tag="901" ind1=" " ind2=" ">
   <subfield code="u">www.mhhe.com</subfield>
  </datafield>
 </record>
</collection>
